Statistics for All Team Ever Played For by Diego Forlán

Click here to take the quiz!

General Stats

  • This quiz has been taken 25 times
  • The average score is 5 of 11

Answer Stats

YearsAnswer% Correct
2007-2011Atlético Madrid
96%
2002-2004Manchester United
87%
2004-2007Villarreal
70%
2011-2012Inter Milan
57%
2002-2015Uruguay
52%
2015-2016Peñarol
48%
2014-2015Cerezo Osaka
17%
2018Kitchee
17%
1997-2002Independiente
13%
2012-2014Internacional
9%
2016Mumbai City
9%

Score Distribution

Percentile by Number Answered

Percent of People with Each Score

Your Score History

You have not taken this quiz